| 000 | 00802cam a22002654a 4500 | ||
|---|---|---|---|
| 001 | 12962458 | ||
| 003 | OSt | ||
| 005 | 20231121131633.0 | ||
| 008 | 021009s2003 njua b 001 0 eng | ||
| 010 | _a 2002038177 | ||
| 020 | _a0131008250 (pbk.) | ||
| 020 | _a9789332549418 | ||
| 040 |
_aDLC _cDLC _dDLC |
||
| 042 | _apcc | ||
| 050 | 0 | 0 |
_aQH506 _b.B47 2003 |
| 082 | 0 | 0 |
_a572.8 _bBER/B |
| 100 | 1 |
_aBergeron, Bryan P. _99906 |
|
| 245 | 1 | 0 |
_aBioinformatics computing / _cBryan Bergeron. |
| 260 |
_aNew Delhi : _bPearson, _cc2015. |
||
| 300 |
_axxii, 439 p. : _bill. ; _c24 cm. |
||
| 504 | _aIncludes bibliographical references (p. 419-427). | ||
| 650 | 0 |
_aMolecular biology _xData processing. |
|
| 650 | 0 | _aBioinformatics. | |
| 942 |
_2ddc _cBK _h572.8 _iBER/B _k572.8 _mBER/B |
||
| 999 |
_c43678 _d43678 |
||